Dialogues concerning natural religion, the posthumous essays, Of the immortality of the soul, and Of suicide, from An enquiry concerning human understanding of miracles / (Record no. 25460)
[ view plain ]
| 000 -LEADER | |
|---|---|
| fixed length control field | 01123nam a22002897a 4500 |
| 003 - CONTROL NUMBER IDENTIFIER | |
| control field | OSt |
| 005 - DATE AND TIME OF LATEST TRANSACTION | |
| control field | 20210615115813.0 |
| 008 - FIXED-LENGTH DATA ELEMENTS--GENERAL INFORMATION | |
| fixed length control field | 170320b xxu||||| |||| 00| 0 eng d |
| 010 ## - LIBRARY OF CONGRESS CONTROL NUMBER | |
| LC control number | 97038335 |
| 020 ## - INTERNATIONAL STANDARD BOOK NUMBER | |
| International Standard Book Number | 0872204030 (alk. paper) |
| 020 ## - INTERNATIONAL STANDARD BOOK NUMBER | |
| International Standard Book Number | 0872204022 (pbk. : alk. paper) |
| 040 ## - CATALOGING SOURCE | |
| Original cataloging agency | MMU |
| Transcribing agency | MMU |
| Modifying agency | MMU |
| Language of cataloging | eng. |
| 050 00 - LIBRARY OF CONGRESS CALL NUMBER | |
| Classification number | BL180 |
| Item number | .H78 1998 |
| 082 00 - DEWEY DECIMAL CLASSIFICATION NUMBER | |
| Classification number | 210 |
| Edition number | 21 |
| 100 1# - MAIN ENTRY--PERSONAL NAME | |
| Personal name | Hume, David, |
| Dates associated with a name | 1711-1776. |
| 240 10 - UNIFORM TITLE | |
| Uniform title | Essays. |
| Form subheading | Selections. |
| 245 10 - TITLE STATEMENT | |
| Title | Dialogues concerning natural religion, the posthumous essays, Of the immortality of the soul, and Of suicide, from An enquiry concerning human understanding of miracles / |
| Statement of responsibility, etc. | David Hume ; edited, with an introduction, by Richard H. Popkin. |
| 250 ## - EDITION STATEMENT | |
| Edition statement | 2nd ed. |
| 260 ## - PUBLICATION, DISTRIBUTION, ETC. (IMPRINT) | |
| Place of publication, distribution, etc. | Indianapolis : |
| Name of publisher, distributor, etc. | Hackett Pub., |
| Date of publication, distribution, etc. | c1998. |
| 300 ## - PHYSICAL DESCRIPTION | |
| Extent | xxv, 125 p. ; |
| Dimensions | 22 cm. |
| 500 ## - GENERAL NOTE | |
| General note | Includes bibliographical references (p. xxii-xxv). |
| 650 #0 - SUBJECT ADDED ENTRY--TOPICAL TERM | |
| Topical term or geographic name as entry element | Natural theology |
| Form subdivision | Early works to 1800. |
| 650 #0 - SUBJECT ADDED ENTRY--TOPICAL TERM | |
| Topical term or geographic name as entry element | Immortality |
| Form subdivision | Early works to 1800. |
| 650 #0 - SUBJECT ADDED ENTRY--TOPICAL TERM | |
| Topical term or geographic name as entry element | Suicide |
| Form subdivision | Early works to 1800. |
| 700 1# - ADDED ENTRY--PERSONAL NAME | |
| Personal name | Popkin, Richard H. |
| Fuller form of name | (Richard Henry), |
| Dates associated with a name | 1923-2005. |
| 942 ## - ADDED ENTRY ELEMENTS (KOHA) | |
| Source of classification or shelving scheme | Library of Congress Classification |
| Koha item type | L |
| Withdrawn status | Lost status | Source of classification or shelving scheme | Damaged status | Not for loan | Home library | Current library | Date acquired | Source of acquisition | Total Checkouts | Full call number | Barcode | Date last seen | Price effective from | Koha item type |
|---|---|---|---|---|---|---|---|---|---|---|---|---|---|---|
| Library of Congress Classification | Maasai Mara University Library -Main Campus | Maasai Mara University Library -Main Campus | 03/20/2017 | Donation-T4C | BL180.H78 1998 | 17028428 | 03/20/2017 | 03/20/2017 | L |